[Event "2BLW 1718 SC Hansa Dortmund - DJK Aache"]
[Site "?"]
[Date "2018.03.18"]
[Round "8.5"]
[White "Marcziter, Dmitrii"]
[Black "Dr. Scholz, Christian"]
[Result "0-1"]
[WhiteElo "2275"]
[BlackElo "2381"]
[PlyCount "108"]
[EventDate "2018.??.??"]

1. d4 Nf6 2. c4 g6 3. g3 Bg7 4. Bg2 O-O 5. Nf3 d6 6. O-O Nc6 7. Nc3 a6 8. h3
Rb8 9. Bf4 b5 10. cxb5 axb5 11. Rc1 Bd7 12. d5 Na5 13. b3 b4 14. Nb1 c6 15.
dxc6 Bxc6 16. Be3 e5 17. Ne1 Qd7 18. Nd3 Bxg2 19. Kxg2 Nc6 20. Rc4 d5 21. Nc5
Qe7 22. Rc2 Rfc8 23. Qc1 d4 24. Bg5 Na7 25. Nd2 Nb5 26. Nde4 Rd8 27. f4 Rb6 28.
f5 Nc3 29. Kh2 Rd5 30. Nxc3 dxc3 31. Ne4 Rd4 32. Qe3 Qf8 33. Bxf6 Bxf6 34. fxg6
fxg6 35. Qf3 Bg7 36. Qg2 Qd8 37. e3 Rd1 38. Rcf2 Rxf1 39. Rxf1 Qd3 40. Qf3 Rb8
41. Nc5 Qd2+ 42. Rf2 Rf8 43. Rxd2 Rxf3 44. Re2 e4 45. Nxe4 Bh6 46. Nc5 Rxe3 47.
Rc2 Bf8 48. Na4 Bd6 49. a3 bxa3 50. Nxc3 Rxg3 51. Kh1 Rxh3+ 52. Kg1 Bc5+ 53.
Kg2 Rxc3 54. Rxc3 a2 0-1

[Event "2BLW 1718 SC Hansa Dortmund - DJK Aache"]
[Site "?"]
[Date "2018.03.18"]
[Round "8.6"]
[White "Ackermann, Hans Werner"]
[Black "van Dael, Siem"]
[Result "1/2-1/2"]
[WhiteElo "2211"]
[BlackElo "2278"]
[PlyCount "52"]
[EventDate "2018.??.??"]

1. Nf3 Nf6 2. c4 g6 3. g3 Bg7 4. Bg2 O-O 5. O-O d6 6. d4 Nbd7 7. Nc3 e5 8. dxe5
dxe5 9. Qc2 c6 10. Rd1 Qc7 11. b3 Re8 12. Ng5 Nc5 13. Ba3 Qa5 14. Bxc5 Qxc5 15.
Nce4 Nxe4 16. Nxe4 Qa3 17. h3 Bf5 18. g4 Bxe4 19. Bxe4 Red8 20. Rab1 a5 21. Kg2
Bf6 22. e3 Be7 23. Kg3 Kg7 24. Kg2 Kg8 25. Kg3 Kg7 26. Kg2 Kg8 1/2-1/2

[Event "2BLW 1718 SC Hansa Dortmund - DJK Aache"]
[Site "?"]
[Date "2018.03.18"]
[Round "8.7"]
[White "Juegel, Marcel"]
[Black "Kotter, Ralf"]
[Result "0-1"]
[WhiteElo "2157"]
[BlackElo "2380"]
[PlyCount "108"]
[EventDate "2018.??.??"]

1. d4 Nf6 2. Nc3 d5 3. Bf4 c6 4. e3 g6 5. Be2 Bg7 6. Nf3 Nbd7 7. Ne5 Nf8 8. h4
h5 9. f3 Ne6 10. Bg3 Nd7 11. Nxd7 Bxd7 12. Qd2 Qa5 13. a3 Nf8 14. b4 Qd8 15.
Kf2 Nh7 16. Bd3 Qc8 17. Ne2 Bf5 18. c4 Bxd3 19. Qxd3 e6 20. c5 O-O 21. Bd6 Re8
22. Be5 Qd7 23. Bxg7 Kxg7 24. g4 hxg4 25. h5 g5 26. f4 Kh8 27. Rag1 f5 28. fxg5
Nxg5 29. Nf4 Ne4+ 30. Kg2 Kh7 31. Ng6 Rg8 32. Ne5 Qe8 33. a4 a6 34. Qf1 Qe7 35.
Qf4 Qg5 36. a5 Rg7 37. Ng6 Kh6 38. Re1 Rd8 39. Qe5 Re8 40. Qf4 Nf6 41. Rh2 Ne4
42. Rhh1 Rh7 43. Re2 Kg7 44. Qe5+ Kg8 45. Kg1 Qf6 46. Qxf6 Nxf6 47. Reh2 Kg7
48. Ne5 Kh6 49. Rg2 Ne4 50. Kf1 Kg5 51. Rhg1 Kf6 52. Nxg4+ fxg4 53. Rxg4 Rf8
54. Rh1 Ke7+ 0-1

[Event "2BLW 1718 SC Hansa Dortmund - DJK Aache"]
[Site "?"]
[Date "2018.03.18"]
[Round "8.8"]
[White "Dr. Kalka, Arkadius Georg"]
[Black "Tochtenhagen, Wolfgang"]
[Result "1/2-1/2"]
[WhiteElo "2338"]
[BlackElo "2098"]
[PlyCount "142"]
[EventDate "2018.??.??"]

1. c4 g6 2. g3 Bg7 3. Bg2 d6 4. Nc3 c5 5. Nf3 Nc6 6. d3 e5 7. Bg5 Nge7 8. Ne4
f5 9. Nf6+ Kf7 10. Nd5 h6 11. Nxe7 Nxe7 12. Bd2 Rf8 13. O-O Kg8 14. b4 Rb8 15.
Rc1 b6 16. e3 Bb7 17. d4 cxd4 18. exd4 exd4 19. Be1 Qd7 20. Nxd4 Bxg2 21. Kxg2
Rfd8 22. b5 Rbc8 23. Bb4 d5 24. Bxe7 Qxe7 25. Nc6 Rxc6 26. bxc6 dxc4 27. Rxc4
Rxd1 28. Rxd1 Be5 29. Rd7 Qe6 30. Rc1 f4 31. c7 Bxc7 32. Rdxc7 f3+ 33. Kxf3
Qd5+ 34. Ke3 Qe5+ 35. Kd3 Qd5+ 36. Kc3 Qe5+ 37. Kb3 Qd5+ 38. Kb2 Qd4+ 39. Ka3
b5 40. Rc8+ Kf7 41. R1c6 a5 42. R8c7+ Ke8 43. Kb3 Qd3+ 44. Kb2 Qd4+ 45. Kb1
Qd1+ 46. Rc1 Qd3+ 47. R1c2 b4 48. Kc1 a4 49. R7c4 b3 50. axb3 axb3 51. R2c3
Qf1+ 52. Kb2 Qxf2+ 53. Kxb3 Qxh2 54. Re4+ Kd7 55. Rd3+ Kc6 56. Re6+ Kc5 57.
Re5+ Kc6 58. Re1 Qf2 59. Rc1+ Kb5 60. Rc2 Qf6 61. Rcc3 Qe6+ 62. Kc2 Qe2+ 63.
Rd2 Qe4+ 64. Kb2 Qe5 65. Kb3 Qe6+ 66. Ka3 Qe7+ 67. Ka2 Qe6+ 68. Kb2 Qe5 69. Rf2
g5 70. Kb3 Qd5+ 71. Kb2 Qe5 1/2-1/2

[Event "2BLW 1718 SV Koblenz - Klub Kölner Scha"]
[Site "?"]
[Date "2018.03.18"]
[Round "8.1"]
[White "Strohhaeker, Raoul"]
[Black "Sulskis, Sarunas"]
[Result "1/2-1/2"]
[WhiteElo "2442"]
[BlackElo "2518"]
[PlyCount "71"]
[EventDate "2018.??.??"]

1. e4 e5 2. Nf3 Nc6 3. Bc4 Nf6 4. d3 Bc5 5. c3 d6 6. Nbd2 a6 7. Bb3 O-O 8. O-O
Ba7 9. h3 Be6 10. Re1 Bxb3 11. axb3 d5 12. Qe2 Qd6 13. Nf1 dxe4 14. dxe4 Nh5
15. b4 h6 16. Nh4 Nf4 17. Qf3 g6 18. Kh2 Qe6 19. Bxf4 exf4 20. Qxf4 Rad8 21.
Rad1 g5 22. Qg3 Rxd1 23. Rxd1 Qxe4 24. Nf3 Qe2 25. Nxg5 Bxf2 26. Qf3 Qe5+ 27.
Kh1 hxg5 28. Qxf2 Re8 29. Kg1 Re6 30. Rd7 Re7 31. Rd3 Qe2 32. Qf5 Re5 33. Qc8+
Re8 34. Qf5 Re5 35. Qc8+ Re8 36. Qf5 1/2-1/2

[Event "2BLW 1718 SV Koblenz - Klub Kölner Scha"]
[Site "?"]
[Date "2018.03.18"]
[Round "8.2"]
[White "Balog, Imre"]
[Black "Morawietz, Dieter"]
[Result "1/2-1/2"]
[WhiteElo "2558"]
[BlackElo "2412"]
[PlyCount "102"]
[EventDate "2018.??.??"]

1. c4 e5 2. g3 Nf6 3. Bg2 c6 4. d4 exd4 5. Qxd4 d5 6. Nf3 Be7 7. O-O dxc4 8.
Qxd8+ Bxd8 9. Nbd2 c3 10. bxc3 O-O 11. Nd4 Nbd7 12. e4 Ba5 13. Bb2 Ne5 14. Rab1
Rd8 15. f4 Nd3 16. Nc4 Bb6 17. Ba1 h5 18. Rbd1 Nc5 19. Rfe1 Bg4 20. Rd2 h4 21.
e5 Nd5 22. Kf2 f6 23. Bf3 hxg3+ 24. hxg3 Bxf3 25. Kxf3 fxe5 26. Nxe5 Bc7 27.
Rh2 Nf6 28. Reh1 Bxe5 29. fxe5 Nfe4 30. Bb2 Rf8+ 31. Ke3 Nxg3 32. Rh8+ Kf7 33.
Rxf8+ Rxf8 34. Rg1 Nh5 35. Ba3 b6 36. Rf1+ Ke8 37. Rxf8+ Kxf8 38. Nxc6 Kf7 39.
Bxc5 bxc5 40. Ke4 Ke6 41. Nd8+ Kd7 42. Nf7 Ng3+ 43. Kf3 Nf5 44. Kf4 Ne7 45. Ke4
Ke6 46. Ng5+ Kd7 47. Nh7 Kc6 48. c4 Nc8 49. Ng5 Nb6 50. Ne6 Nxc4 51. Nxg7 Nxe5
1/2-1/2

[Event "2BLW 1718 SV Koblenz - Klub Kölner Scha"]
[Site "?"]
[Date "2018.03.18"]
[Round "8.3"]
[White "Tugui, Adrian"]
[Black "Fritsche, Lutz"]
[Result "1-0"]
[WhiteElo "2373"]
[BlackElo "2315"]
[PlyCount "64"]
[EventDate "2018.??.??"]

1. d4 Nf6 2. Bg5 e6 3. e4 Be7 4. e5 Ne4 5. Be3 c5 6. dxc5 Qc7 7. Nf3 Nc6 8. Nc3
Nxe5 9. Nb5 Qa5+ 10. b4 Qxb4+ 11. c3 Nxc3 12. Qd2 Nxf3+ 13. gxf3 Nd5 14. Nc7+
Kd8 15. Nxa8 Nxe3 16. fxe3 Bxc5 17. Qxb4 Bxb4+ 18. Kf2 b6 19. Rg1 g6 20. Rg4
Bc5 21. Ra4 Bb7 22. Rxa7 Kc8 23. Ra4 Bc6 24. Nxb6+ Bxb6 25. Bb5 Kc7 26. Rc1 f5
27. Rac4 Ra8 28. a4 Ra5 29. Bxc6 dxc6 30. Rxc6+ Kb7 31. Rxe6 Rxa4 32. Rb1 Ra6
1-0

[Event "2BLW 1718 SV Koblenz - Klub Kölner Scha"]
[Site "?"]
[Date "2018.03.18"]
[Round "8.4"]
[White "Hammes, Michael"]
[Black "Wacker, Peter"]
[Result "1/2-1/2"]
[WhiteElo "2335"]
[BlackElo "2301"]
[PlyCount "84"]
[EventDate "2018.??.??"]

1. d4 d5 2. c4 e6 3. Nc3 Be7 4. Nf3 Nf6 5. cxd5 exd5 6. Bg5 c6 7. Qc2 g6 8. e3
Bf5 9. Bd3 Bxd3 10. Qxd3 Nbd7 11. O-O O-O 12. Nd2 Re8 13. Rad1 Ne4 14. Bxe7
Qxe7 15. Ndxe4 dxe4 16. Qc4 Nb6 17. Qc5 Rad8 18. b4 Nd5 19. Nxd5 Rxd5 20. Qxe7
Rxe7 21. a4 a5 22. Rb1 axb4 23. Rxb4 Ra5 24. Rfb1 Ra7 25. h3 h6 26. Kh2 Kg7 27.
g4 g5 28. Kg3 Kg6 29. h4 gxh4+ 30. Kxh4 f5 31. Rg1 Ra5 32. gxf5+ Kxf5 33. Rg8
c5 34. dxc5 Rxc5 35. Rb8 Rcc7 36. Rb5+ Kg6 37. Rb6+ Kg7 38. Kg3 Rf7 39. Re8 Rc2
40. Rxe4 Rcxf2 41. Rf4 R2xf4 42. exf4 Re7 1/2-1/2

[Event "2BLW 1718 SV Koblenz - Klub Kölner Scha"]
[Site "?"]
[Date "2018.03.18"]
[Round "8.5"]
[White "Helbig, Mark"]
[Black "Wolf, Volker"]
[Result "1-0"]
[WhiteElo "2347"]
[BlackElo "2333"]
[PlyCount "61"]
[EventDate "2018.??.??"]

1. Nf3 d5 2. g3 Nf6 3. Bg2 Nc6 4. d4 Bg4 5. O-O e6 6. c4 Bxf3 7. Bxf3 dxc4 8.
Qa4 Qd7 9. e3 Nb4 10. Qxd7+ Nxd7 11. Na3 Nd3 12. Nxc4 Nxc1 13. Rfxc1 c6 14. b4
a6 15. Rab1 Be7 16. a4 O-O 17. b5 axb5 18. axb5 Rac8 19. bxc6 bxc6 20. Rb7 Rfd8
21. Na5 Bf8 22. Nxc6 Nf6 23. Nxd8 Rxc1+ 24. Kg2 g5 25. h3 h5 26. g4 hxg4 27.
hxg4 Rc2 28. Rxf7 Nd5 29. Rxf8+ Kxf8 30. Nxe6+ Ke7 31. Bxd5 1-0

[Event "2BLW 1718 SV Koblenz - Klub Kölner Scha"]
[Site "?"]
[Date "2018.03.18"]
[Round "8.6"]
[White "Stewart, Neil"]
[Black "Ludwig, Peter"]
[Result "1/2-1/2"]
[WhiteElo "2209"]
[BlackElo "2182"]
[PlyCount "84"]
[EventDate "2018.??.??"]

1. Nf3 Nf6 2. c4 c5 3. Nc3 g6 4. d4 cxd4 5. Nxd4 Bg7 6. e4 O-O 7. Be2 Nc6 8.
Be3 d6 9. O-O Bd7 10. Qd2 Nxd4 11. Bxd4 Bc6 12. f3 Nd7 13. Be3 f5 14. exf5 Rxf5
15. b4 b6 16. Bd4 Qf8 17. Bxg7 Qxg7 18. f4 h5 19. Qe3 e5 20. Bd3 Rxf4 21. Rxf4
exf4 22. Qe6+ Kh8 23. Qxg6 Qxg6 24. Bxg6 Bxg2 25. Rd1 f3 26. Rxd6 Ne5 27. Bxh5
Rf8 28. Ne4 Rf4 29. Nf2 Rxc4 30. Rd5 Rxb4 31. h4 Nc4 32. Bg6 Ne3 33. Re5 Ng4
34. Nxg4 Rxg4 35. h5 Kg7 36. Re7+ Kh6 37. Rxa7 Rb4 38. Kf2 Kg5 39. Kg3 Rg4+ 40.
Kf2 Rb4 41. Kg3 Rg4+ 42. Kf2 Rb4 1/2-1/2

[Event "2BLW 1718 SV Koblenz - Klub Kölner Scha"]
[Site "?"]
[Date "2018.03.18"]
[Round "8.7"]
[White "Bonnmann, Reinhard"]
[Black "Repplinger, Marc"]
[Result "1/2-1/2"]
[WhiteElo "2245"]
[BlackElo "2209"]
[PlyCount "114"]
[EventDate "2018.??.??"]

1. Nf3 d5 2. d4 e6 3. c4 c5 4. cxd5 exd5 5. g3 Nc6 6. Bg2 Nf6 7. O-O Be7 8. Be3
c4 9. Ne5 O-O 10. b3 cxb3 11. axb3 Bf5 12. Nxc6 bxc6 13. Nc3 Re8 14. Bf4 Qd7
15. Na4 Bh3 16. Rc1 Rac8 17. Rc2 Bf5 18. Ra2 Qb7 19. Bg5 Qb4 20. Bf4 h6 21. h3
Bf8 22. Nb2 a5 23. Bc1 Ra8 24. Nd3 Qb5 25. Ba3 Bxa3 26. Rxa3 Bxd3 27. Qxd3 Rxe2
28. Qxb5 cxb5 29. Rfa1 Rb2 30. Rxa5 Rxa5 31. Rxa5 Rxb3 32. Ra8+ Kh7 33. Rd8 Rb4
34. Rb8 Rb1+ 35. Bf1 b4 36. Kg2 g6 37. Bb5 Rd1 38. Bc6 Rxd4 39. Rb5 Kg7 40. Kf3
g5 41. Ke3 Re4+ 42. Kd3 Rc4 43. Bxd5 Rc3+ 44. Kd2 Nxd5 45. Rxd5 Rf3 46. Ke2 Rb3
47. Rb5 Rb1 48. h4 gxh4 49. gxh4 b3 50. Kf3 Kf6 51. Kg4 Kg6 52. Rb6+ Kg7 53. f4
b2 54. Kf5 h5 55. Rb8 Rh1 56. Rxb2 Rxh4 57. Rg2+ Rg4 1/2-1/2

[Event "2BLW 1718 SV Koblenz - Klub Kölner Scha"]
[Site "?"]
[Date "2018.03.18"]
[Round "8.8"]
[White "Bohn, Thomas"]
[Black "Wisskirchen, Andreas"]
[Result "0-1"]
[WhiteElo "2327"]
[BlackElo "2217"]
[PlyCount "52"]
[EventDate "2018.??.??"]

1. f4 Nf6 2. Nf3 g6 3. d3 d5 4. g3 Bg7 5. Bg2 O-O 6. O-O c5 7. c3 Nc6 8. a4 d4
9. Bd2 Nd5 10. Qb3 e6 11. Na3 Na5 12. Qc2 Bd7 13. Ne5 Nc6 14. Nxd7 Qxd7 15.
Rae1 Rad8 16. Nc4 Rfe8 17. e4 dxe3 18. Bxe3 Nxe3 19. Rxe3 Qc7 20. Qb3 Rb8 21.
Qb5 Bf8 22. Bxc6 bxc6 23. Qa6 Red8 24. Rf2 Rd5 25. Qa5 Qb7 26. Rff3 Be7 0-1

[Event "2BLW 1718 SG Köln Porz - Aachener SV"]
[Site "?"]
[Date "2018.03.18"]
[Round "8.1"]
[White "Seel, Christian"]
[Black "Van Den Doel, Erik"]
[Result "1/2-1/2"]
[WhiteElo "2471"]
[BlackElo "2593"]
[PlyCount "280"]
[EventDate "2018.??.??"]

1. Nf3 d5 2. d4 Nf6 3. c4 c6 4. e3 Bg4 5. Nc3 e6 6. h3 Bh5 7. g4 Bg6 8. Ne5
Nbd7 9. Nxg6 hxg6 10. g5 Ng8 11. h4 Ne7 12. Bd2 Nf5 13. Qg4 Be7 14. Rh3 dxc4
15. Bxc4 Qc7 16. h5 gxh5 17. Rxh5 O-O-O 18. O-O-O g6 19. Rhh1 Nb6 20. Be2 Qd7
21. Kb1 Qc7 22. Bc1 Nd5 23. Bd2 Nb6 24. Bc1 Rxh1 25. Rxh1 Rf8 26. Rh7 Nd5 27.
e4 Nxc3+ 28. bxc3 Nd6 29. Bd3 Qa5 30. Bd2 Kd7 31. Qd1 Bxg5 32. f4 Be7 33. Qb3
b5 34. Kc2 Qa6 35. f5 gxf5 36. exf5 Nc4 37. fxe6+ Kxe6 38. a4 Kd7 39. d5 cxd5
40. axb5 Qe6 41. Qa4 Qb6 42. Bxc4 dxc4 43. Qxc4 Qg6+ 44. Kb2 Qg2 45. Qd4+ Kc8
46. Kb3 Qf1 47. Qc4+ Qxc4+ 48. Kxc4 Kd7 49. Be3 Rc8+ 50. Kb3 Rb8 51. c4 a6 52.
b6 Rg8 53. Bf4 Rg6 54. c5 Bxc5 55. b7 Rb6+ 56. Kc4 Rxb7 57. Kxc5 Rb5+ 58. Kd4
Ke6 59. Bd2 Rd5+ 60. Ke3 Re5+ 61. Kf3 Rf5+ 62. Bf4 Rb5 63. Rh8 a5 64. Ra8 Kf5
65. Be3 Rd5 66. Ke2 Ke4 67. Bd2 Rh5 68. Kd1 Rd5 69. Kc2 Rc5+ 70. Kb3 f5 71.
Bxa5 f4 72. Bb4 Rd5 73. Kc4 f3 74. Be1 Re5 75. Bf2 Re7 76. Kc3 Rd7 77. Ra4+ Kf5
78. Be3 Rf7 79. Kd2 Ke5 80. Ke1 Rf8 81. Kf2 Rf7 82. Kg3 Rf8 83. Bf4+ Kd5 84.
Ra5+ Ke4 85. Re5+ Kd4 86. Kxf3 Rf7 87. Re8 Rd7 88. Ra8 Kd5 89. Ke3 Re7+ 90. Kd3
Ke6 91. Ra5 Rb7 92. Be3 Rb4 93. Bd4 Rb1 94. Ke4 Re1+ 95. Be3 Rd1 96. Ra8 Re1
97. Ra6+ Kd7 98. Kd4 Rd1+ 99. Ke5 Re1 100. Ra3 Kc6 101. Rc3+ Kd7 102. Kd5 Rf1
103. Bd4 Rf5+ 104. Be5 Rf7 105. Ra3 Ke8 106. Ra6 Kd7 107. Bf6 Ke8 108. Ke5 Rd7
109. Kf5 Rb7 110. Rd6 Rd7 111. Re6+ Kf7 112. Be5 Rd1 113. Rh6 Rd7 114. Bd6 Ke8
115. Re6+ Kf7 116. Rf6+ Kg7 117. Bf8+ Kg8 118. Ke6 Rd2 119. Bd6 Rg2 120. Be5
Kh7 121. Rf8 Rg8 122. Rf3 Kg6 123. Rg3+ Kh7 124. Rh3+ Kg6 125. Bf6 Re8+ 126.
Be7 Rg8 127. Rh1 Rg7 128. Bf8 Rg8 129. Rf1 Kh5 130. Rh1+ Kg6 131. Be7 Rg7 132.
Rh8 Rh7 133. Ra8 Rh3 134. Rg8+ Kh5 135. Rg5+ Kh4 136. Rg2+ Kh5 137. Bd6 Rf3
138. Be5 Kh4 139. Rg3 Rxg3 140. Bxg3+ Kxg3 1/2-1/2

[Event "2BLW 1718 SG Köln Porz - Aachener SV"]
[Site "?"]
[Date "2018.03.18"]
[Round "8.2"]
[White "Lutz, Christopher"]
[Black "Koch, Thomas"]
[Result "1-0"]
[WhiteElo "2535"]
[BlackElo "2459"]
[PlyCount "85"]
[EventDate "2018.??.??"]

1. e4 c5 2. Nf3 d6 3. d4 cxd4 4. Nxd4 Nf6 5. Nc3 a6 6. Be2 e6 7. a4 Nc6 8. Be3
Be7 9. O-O O-O 10. f4 Re8 11. Kh1 Qc7 12. Bd3 Nxd4 13. Bxd4 e5 14. Bg1 exf4 15.
Rxf4 Be6 16. Nd5 Bxd5 17. exd5 g6 18. Qf3 Nd7 19. Bd4 Rf8 20. Rf1 f6 21. Qh3
Kg7 22. Rh4 Rh8 23. Qg3 Rag8 24. Qg5 Ne5 25. Bxe5 dxe5 26. Qh6+ Kf7 27. d6 Qxd6
28. Bc4+ Ke8 29. Bxg8 Rxg8 30. Qxh7 Qe6 31. Re4 Kd7 32. Re3 Kc7 33. a5 Kb8 34.
Rb3 e4 35. Rb6 Qc4 36. Re1 Re8 37. Qxg6 Rd8 38. h3 Bc5 39. Qg3+ Ka8 40. Qc7 Rb8
41. b4 Qc3 42. Rb1 Bxb4 43. Qh7 1-0

[Event "2BLW 1718 SG Köln Porz - Aachener SV"]
[Site "?"]
[Date "2018.03.18"]
[Round "8.3"]
[White "Vandenbussche, Thibaut"]
[Black "Rotstein, Arkadij"]
[Result "1-0"]
[WhiteElo "2412"]
[BlackElo "2507"]
[PlyCount "75"]
[EventDate "2018.??.??"]

1. e4 g6 2. d4 Bg7 3. Nc3 c6 4. Nf3 d5 5. h3 Nf6 6. e5 Ne4 7. Nxe4 dxe4 8. Ng5
c5 9. d5 Bxe5 10. Nxe4 Bf5 11. c3 Nd7 12. Ng5 h6 13. g4 hxg5 14. gxf5 gxf5 15.
Bxg5 f4 16. Qc2 Qb6 17. O-O-O Qd6 18. Qf5 f6 19. Bb5 O-O-O 20. Rhe1 a6 21.
Bxd7+ Rxd7 22. Re4 Rh5 23. h4 fxg5 24. Rxe5 Qf6 25. hxg5 Qxf5 26. Rxf5 Kc7 27.
c4 b5 28. b3 bxc4 29. bxc4 Kb6 30. Rg1 e6 31. Rf6 Ka5 32. g6 Rh8 33. Rf7 Rdd8
34. g7 Rhg8 35. dxe6 Rd4 36. Rf8 Rxc4+ 37. Kb2 Rb4+ 38. Kc3 1-0

[Event "2BLW 1718 SG Köln Porz - Aachener SV"]
[Site "?"]
[Date "2018.03.18"]
[Round "8.4"]
[White "Xu, Xianliang"]
[Black "Piceu, Tom"]
[Result "1/2-1/2"]
[WhiteElo "2424"]
[BlackElo "2362"]
[PlyCount "64"]
[EventDate "2018.??.??"]

1. e4 c5 2. c3 e6 3. d4 d5 4. exd5 exd5 5. Nf3 Nc6 6. Bb5 Nf6 7. O-O Be7 8.
dxc5 Bxc5 9. Bg5 Be6 10. Nbd2 O-O 11. Nb3 Be7 12. Nbd4 Rc8 13. Re1 Bg4 14. Qa4
Nxd4 15. Nxd4 a6 16. Bd3 h6 17. Bh4 Re8 18. h3 Qd7 19. Qc2 Be6 20. Nf5 Bd8 21.
Bg3 Nh5 22. Bh2 Bc7 23. Bxc7 Rxc7 24. Nd4 Nf4 25. Qd2 g5 26. Re3 Qd8 27. Bc2
Qf6 28. Rae1 Rce7 29. Ba4 Rf8 30. Bc2 Rfe8 31. Ba4 Rc8 32. Bc2 Rce8 1/2-1/2

[Event "2BLW 1718 SG Köln Porz - Aachener SV"]
[Site "?"]
[Date "2018.03.18"]
[Round "8.5"]
[White "Jackelen, Thomas"]
[Black "Malykin, Vitaly"]
[Result "1-0"]
[WhiteElo "2403"]
[BlackElo "2365"]
[PlyCount "121"]
[EventDate "2018.??.??"]

1. Nf3 d5 2. c4 c6 3. e3 Nf6 4. Nc3 e6 5. d4 Nbd7 6. Bd3 dxc4 7. Bxc4 b5 8. Bd3
b4 9. Na4 c5 10. dxc5 Nxc5 11. Nxc5 Bxc5 12. Qe2 Bb7 13. O-O Qb6 14. e4 h6 15.
Nd2 O-O 16. Nb3 a5 17. Nxc5 Qxc5 18. Be3 Qd6 19. f3 Ba6 20. Bxa6 Qxa6 21. Qxa6
Rxa6 22. Rac1 Rd8 23. Kf2 Ne8 24. g4 f6 25. Ke2 Kf7 26. Rfd1 Rxd1 27. Rxd1 Nd6
28. Rc1 g5 29. Rc7+ Ke8 30. Kd3 Nf7 31. Bd4 Ne5+ 32. Bxe5 fxe5 33. Rc5 Rd6+ 34.
Ke2 b3 35. axb3 Rb6 36. Rxe5 Ke7 37. h4 Kf6 38. Rxa5 Rxb3 39. e5+ Kf7 40. Ra7+
Kf8 41. h5 Rxb2+ 42. Ke1 Rb5 43. Rh7 Rxe5+ 44. Kf2 Kg8 45. Rxh6 Kg7 46. Rg6+
Kf7 47. f4 gxf4 48. Kf3 Rc5 49. Kxf4 Rc6 50. Kg5 Rc5+ 51. Kh6 e5 52. g5 e4 53.
Rf6+ Ke7 54. Rf4 Re5 55. g6 e3 56. g7 e2 57. g8=Q e1=Q 58. Qf7+ Kd6 59. Rd4+
Kc6 60. Qc4+ Kb6 61. Rd6+ 1-0

[Event "2BLW 1718 SG Köln Porz - Aachener SV"]
[Site "?"]
[Date "2018.03.18"]
[Round "8.6"]
[White "Korotkjevich, Stanislav"]
[Black "Sonntag, Hans-Hubert"]
[Result "0-1"]
[WhiteElo "2380"]
[BlackElo "2340"]
[PlyCount "116"]
[EventDate "2018.??.??"]

1. d4 Nf6 2. Nf3 e6 3. Bf4 c5 4. e3 d5 5. c3 Nc6 6. Nbd2 Bd6 7. Bg3 Bxg3 8.
hxg3 Qe7 9. Bd3 e5 10. dxe5 Nxe5 11. Nxe5 Qxe5 12. Nf3 Qc7 13. Qa4+ Bd7 14. Qf4
Qxf4 15. gxf4 O-O 16. Ne5 g6 17. O-O-O Rad8 18. Rh6 Kg7 19. Rdh1 Rh8 20. f3 Be8
21. R6h4 Ng8 22. Bc2 f6 23. Nd3 b6 24. g4 Ne7 25. e4 dxe4 26. fxe4 Bb5 27. R4h3
h6 28. e5 Bxd3 29. exf6+ Kxf6 30. Bxd3 Kg7 31. Bc2 Nd5 32. f5 Nf6 33. fxg6 Nxg4
34. Rh4 Nf6 35. Rf4 Rhe8 36. Rd1 Rxd1+ 37. Kxd1 Re7 38. Kd2 Nd7 39. Bf5 Ne5 40.
b4 cxb4 41. cxb4 Re8 42. Kc3 Rf8 43. Kd4 Nxg6 44. Rf1 h5 45. Ke4 Kh6 46. Rc1
Re8+ 47. Kd4 Nf4 48. Rc7 Kg5 49. Bd7 Re7 50. Rb7 h4 51. Bc6 Rxb7 52. Bxb7 h3
53. Ke3 Kf5 54. Kd4 h2 55. Bf3 Ke6 56. a4 Kd6 57. Kc4 a6 58. Kd4 Ne2+ 0-1

[Event "2BLW 1718 SG Köln Porz - Aachener SV"]
[Site "?"]
[Date "2018.03.18"]
[Round "8.7"]
[White "Klein, Felix"]
[Black "Pauly, Carlo"]
[Result "0-1"]
[WhiteElo "2312"]
[BlackElo "2300"]
[PlyCount "88"]
[EventDate "2018.??.??"]

1. e4 c5 2. Nf3 d6 3. d4 cxd4 4. Nxd4 Nf6 5. Nc3 a6 6. h3 e6 7. g4 h6 8. Bg2
Nbd7 9. Qe2 g5 10. h4 Rg8 11. hxg5 hxg5 12. f4 gxf4 13. g5 e5 14. gxf6 exd4 15.
Nd5 Nxf6 16. Bxf4 Bg4 17. Bf3 Bxf3 18. Nxf6+ Qxf6 19. Qxf3 Qe6 20. b3 d5 21.
O-O-O dxe4 22. Qe2 O-O-O 23. Rh5 d3 24. Qf2 Qc6 25. c4 Qf6 26. Kb1 Bd6 27. Rc5+
Bxc5 28. Qxc5+ Qc6 29. Qf5+ Rd7 30. Qe5 Kd8 31. Qb8+ Qc8 32. Qe5 Re7 33. Bg5
Rxg5 34. Qxg5 Qe6 35. Rh1 Qe5 36. Qe3 Kc7 37. Rh6 f6 38. Rh8 Rg7 39. Qa7 Kc6
40. Rc8+ Rc7 41. Rd8 Qh2 42. Ka1 Qc2 43. Qe3 Qd1+ 44. Kb2 Qe2+ 0-1

[Event "2BLW 1718 SG Köln Porz - Aachener SV"]
[Site "?"]
[Date "2018.03.18"]
[Round "8.8"]
[White "Wagenknecht, Uwe"]
[Black "Meessen, Rudolf"]
[Result "0-1"]
[WhiteElo "2216"]
[BlackElo "2275"]
[PlyCount "50"]
[EventDate "2018.??.??"]

1. Nf3 f5 2. g3 Nf6 3. Bg2 d6 4. d3 e5 5. c4 Be7 6. Nc3 O-O 7. O-O Qe8 8. e3 a5
9. Ne1 c6 10. f4 Na6 11. d4 e4 12. b3 b5 13. cxb5 cxb5 14. a3 Be6 15. d5 Bf7
16. Bh3 Bh5 17. Qd2 Ng4 18. b4 Rc8 19. Nc2 Bf6 20. Bb2 Rc4 21. Rfc1 axb4 22.
axb4 Nxb4 23. Bf1 Nxc2 24. Rxc2 Nxe3 25. Bxc4 Nxc4 0-1

[Event "2BLW 1718 TSV Schott Mainz - SG Solinge"]
[Site "?"]
[Date "2018.03.18"]
[Round "8.1"]
[White "Wegerle, Joerg"]
[Black "Lobron, Eric"]
[Result "1-0"]
[WhiteElo "2424"]
[BlackElo "2503"]
[PlyCount "78"]
[EventDate "2018.??.??"]

1. e4 g6 2. d4 Bg7 3. Nf3 d6 4. Nc3 Bg4 5. Be3 Nf6 6. h3 Bxf3 7. Qxf3 Nc6 8.
O-O-O O-O 9. Bb5 Qc8 10. g4 Nd7 11. Nd5 Re8 12. g5 a6 13. Be2 Qd8 14. h4 e6 15.
Nc3 b5 16. h5 b4 17. hxg6 fxg6 18. Nb1 Nf8 19. Bc4 Na5 20. Nd2 Qd7 21. Kb1 Nxc4
22. Nxc4 Qb5 23. b3 a5 24. d5 a4 25. Bd4 axb3 26. cxb3 Qa6 27. a4 bxa3 28. Bxg7
Kxg7 29. Qf6+ Kg8 30. Rxh7 Nxh7 31. Qxg6+ Kf8 32. Qxh7 Qa7 33. Qh8+ Ke7 34.
Qf6+ Kd7 35. Qf7+ Re7 36. dxe6+ Kd8 37. Qf8+ Re8 38. e7+ Kd7 39. Ne5+ Ke6 1-0

[Event "2BLW 1718 TSV Schott Mainz - SG Solinge"]
[Site "?"]
[Date "2018.03.18"]
[Round "8.2"]
[White "Dann, Matthias"]
[Black "Schaefer, Markus"]
[Result "1-0"]
[WhiteElo "2525"]
[BlackElo "2386"]
[PlyCount "107"]
[EventDate "2018.??.??"]

1. d4 d5 2. c4 c6 3. Nf3 Nf6 4. g3 g6 5. Bg2 Bg7 6. O-O O-O 7. b3 Ne4 8. Bb2
Nd7 9. Qc1 a5 10. Nc3 Nxc3 11. Bxc3 Nf6 12. Bd2 Bf5 13. Bh6 Be4 14. Bxg7 Kxg7
15. Qc3 Qb6 16. a3 Qa6 17. Rfc1 a4 18. Nd2 Bxg2 19. Kxg2 axb3 20. Qxb3 Qa5 21.
Qb4 Qxb4 22. axb4 dxc4 23. Nxc4 Rfd8 24. e3 Nd5 25. Rab1 Ra6 26. b5 cxb5 27.
Rxb5 Rc6 28. Rc2 b6 29. Na3 Rxc2 30. Nxc2 e6 31. Kf3 Rc8 32. Nb4 Nxb4 33. Rxb4
Rb8 34. e4 Kf6 35. Kf4 g5+ 36. Kg4 h5+ 37. Kxh5 Rh8+ 38. Kg4 Rxh2 39. Rb2 Rh1
40. Rxb6 Rd1 41. d5 Rd4 42. f3 Kg6 43. Kh3 Kf6 44. dxe6 fxe6 45. Kg4 Rd8 46.
Rb5 Rg8 47. Ra5 e5 48. Ra6+ Ke7 49. Rb6 Ra8 50. Rg6 Ra3 51. Rxg5 Ke6 52. Rf5
Ra8 53. Kh3 Rh8+ 54. Kg2 1-0

[Event "2BLW 1718 TSV Schott Mainz - SG Solinge"]
[Site "?"]
[Date "2018.03.18"]
[Round "8.3"]
[White "Schlecht, Daniel"]
[Black "Cicak, Slavko"]
[Result "1/2-1/2"]
[WhiteElo "2380"]
[BlackElo "2494"]
[PlyCount "37"]
[EventDate "2018.??.??"]

1. d4 g6 2. c4 Bg7 3. Nf3 c5 4. d5 d6 5. h3 e6 6. e4 exd5 7. cxd5 Nf6 8. Nc3
O-O 9. Bd3 b5 10. Bxb5 Nxe4 11. Nxe4 Qa5+ 12. Nfd2 Qxb5 13. Nxd6 Qd3 14. N2c4
Qxd1+ 15. Kxd1 Ba6 16. Kc2 Nd7 17. Bf4 Nf6 18. Rad1 Rfd8 19. b3 1/2-1/2

[Event "2BLW 1718 TSV Schott Mainz - SG Solinge"]
[Site "?"]
[Date "2018.03.18"]
[Round "8.4"]
[White "Balcerak, Jakob"]
[Black "Gupta, Milon"]
[Result "1-0"]
[WhiteElo "2474"]
[BlackElo "2208"]
[PlyCount "117"]
[EventDate "2018.??.??"]

1. d4 d5 2. c4 e6 3. Nf3 Nf6 4. Nc3 Be7 5. Bf4 O-O 6. e3 b6 7. Bd3 dxc4 8. Bxc4
Ba6 9. Bxa6 Nxa6 10. O-O c5 11. Rc1 cxd4 12. Nxd4 Qd7 13. Qf3 Rfc8 14. Rfd1 Qe8
15. a3 Nc5 16. b4 Na4 17. Nxa4 Qxa4 18. Qb7 Bf8 19. Nc6 Ne8 20. Nb8 Rxc1 21.
Rxc1 Qxa3 22. Rf1 Rxb8 23. Bxb8 Qxb4 24. Bxa7 b5 25. Bd4 Nd6 26. Qa8 Nf5 27.
Qa1 Nxd4 28. Qxd4 Qxd4 29. exd4 h5 30. Rb1 b4 31. Kf1 g6 32. Ke2 Kg7 33. Kd3
Kf6 34. Ra1 Bd6 35. h3 Kf5 36. Ra6 Bf8 37. Ra7 Kf6 38. Ke4 g5 39. g4 hxg4 40.
hxg4 Bd6 41. Rb7 Kg7 42. f3 Kf8 43. d5 exd5+ 44. Kxd5 Bf4 45. Rxb4 Bd2 46. Rb6
Kg7 47. Ra6 Bc1 48. Ke4 Bf4 49. Kf5 Bd2 50. Ra1 Bf4 51. Rh1 Bd2 52. Rh5 Be3 53.
Rxg5+ Bxg5 54. Kxg5 f6+ 55. Kf5 Kf7 56. f4 Ke7 57. Kg6 Ke6 58. f5+ Ke5 59. Kg7
1-0